000 00245nmm a2200085Ia 4500
008 220120s9999||||xx |||||||||||||||||und||
100 _aDigit
245 0 _a30 full free games, 10+testagrad real world racing , 10 game
260 _aNine dot Nine
_c2014
999 _c139892
_d139892